Mahatcharita Samgraha Sagaram (biographical Dictionary) (Record no. 37907)
[ view plain ]
| 000 -LEADER | |
|---|---|
| fixed length control field | 00480nam a2200133Ia 4500 |
| 008 - FIXED-LENGTH DATA ELEMENTS--GENERAL INFORMATION | |
| fixed length control field | 211109s9999||||xx |||||||||||||| ||und|| |
| 082 ## - DEWEY DECIMAL CLASSIFICATION NUMBER | |
| Classification number | 894.81203 |
| Item number | KUN-M |
| 100 ## - MAIN ENTRY--PERSONAL NAME | |
| Personal name | Kunjukrishnan, Pallippattu |
| 245 #0 - TITLE STATEMENT | |
| Title | Mahatcharita Samgraha Sagaram (biographical Dictionary) |
| 260 ## - PUBLICATION, DISTRIBUTION, ETC. | |
| Name of publisher, distributor, etc. | National Book Stall |
| Place of publication, distribution, etc. | Kottayam |
| Date of publication, distribution, etc. | 1975 |
| 630 ## - SUBJECT ADDED ENTRY--UNIFORM TITLE | |
| General subdivision | General Stack |
| 650 ## - SUBJECT ADDED ENTRY--TOPICAL TERM | |
| Topical term or geographic name entry element | Altaic, Uralic, Hyperborean & Dravidian |
| 942 ## - ADDED ENTRY ELEMENTS (KOHA) | |
| Koha item type | BOOK |
| 650 ## - SUBJECT ADDED ENTRY--TOPICAL TERM | |
| Form subdivision | Literatures of other languagesDictionariesLiterature |
| General subdivision | Generalia |
| Withdrawn status | Lost status | Damaged status | Not for loan | Home library | Current library | Date acquired | Cost, normal purchase price | Total Checkouts | Full call number | Barcode | Shelving location | Date last seen | Price effective from | Koha item type |
|---|---|---|---|---|---|---|---|---|---|---|---|---|---|---|
| SB LIBRARY | SB LIBRARY | 09/11/2021 | 40.00 | 894.81203 KUN-M | 00039395 | GENERAL STACK | 09/11/2021 | 09/11/2021 | BOOK |